| 000 | 00842nas a2200289 4500 | ||
|---|---|---|---|
| 001 | BR0502228 | ||
| 003 | BR-BrBNA | ||
| 005 | 20231205105340.0 | ||
| 007 | ta | ||
| 008 | 230509b bl.|||p| |||| 00| 00por d | ||
| 040 |
_aBR-BrBNA _bpor _cBiblioteca Nacional de Agricultura |
||
| 041 | _a(Pt) | ||
| 072 | _aF01 | ||
| 100 | 1 | _aCecílio Filho, A.B. | |
| 100 | 1 | _aSouza, R.J. de | |
| 100 | 1 | _aFaquin, V. | |
| 100 | 1 | _aCarvalho, C.M. de | |
| 245 | 1 | _aÉpoca e densidade de plantio na produção de cúrcuma | |
| 650 | _aCÚRCUMA LONGA | ||
| 650 | _aÉPOCA DE PLANTIO | ||
| 650 | _aDENSIDADE DE PLANTIO | ||
| 650 | _aRENDIMENTO | ||
| 650 | _aMINAS GERAIS | ||
| 773 | 0 |
_tCiência Rural (Brazil) _xISSN 0103-8478 _g(Jul-Aug 2004), v. 34(4) p. 1021-1026 _wBR0502228 |
|
| 909 |
_a202311 _bLúcia _c55 _dLúcia Elande |
||
| 942 |
_2AGRIS _n0 _cANA |
||
| 999 |
_c182495 _d182495 |
||